Формирование региональных отраслевых кластеров на основе комплексной модели оценки качества сырья и производственной продукции; Известия Томского политехнического университета [Известия ТПУ]; Т. 317, № 6 : Экономика. Философия, социология и культурология
| Parent link: | Известия Томского политехнического университета [Известия ТПУ]/ Томский политехнический университет (ТПУ).— , 2000- Т. 317, № 6 : Экономика. Философия, социология и культурология.— 2010.— [С. 51-56] |
|---|---|
| Autor principal: | |
| Sumari: | Заглавие с титульного листа Электронная версия печатной публикации Изучен вопрос разработки отраслевой стратегии отдельного региона на основе кластеризации отраслевых рынков. Выполнен комплексный анализ для разработки отраслевой стратегии. Рассмотрена кластерная организация производства. Выделена роль маркетинговой концепции конкурентоспособного качества производственной продукции в создании отраслевого кластера. Предложена система оценочных показателей качества сырья, материалов и готовых изделий как основа создания отраслевого кластера региона. Сделан вывод о возможности формирования отраслевых кластеров на основе создания комплексных моделей оценки качества сырья и производственной продукции. |
| Idioma: | rus |
| Publicat: |
2010
|
| Col·lecció: | Экономика |
| Matèries: | |
| Accés en línia: | http://www.lib.tpu.ru/fulltext/v/Bulletin_TPU/2010/v317/i6/11.pdf |
| Format: | MixedMaterials Electrònic Capítol de llibre |
| KOHA link: | https://koha.lib.tpu.ru/cgi-bin/koha/opac-detail.pl?biblionumber=194054 |
MARC
| LEADER | 00000nla2a2200000 4500 | ||
|---|---|---|---|
| 001 | 194054 | ||
| 005 | 20240116143047.0 | ||
| 035 | |a (RuTPU)RU\TPU\book\211609 | ||
| 035 | |a RU\TPU\book\211586 | ||
| 090 | |a 194054 | ||
| 100 | |a 20110402d2010 k y0rusy50 ca | ||
| 101 | 0 | |a rus | |
| 102 | |a RU | ||
| 135 | |a drnn ---uucaa | ||
| 181 | 0 | |a i | |
| 182 | 0 | |a b | |
| 200 | 1 | |a Формирование региональных отраслевых кластеров на основе комплексной модели оценки качества сырья и производственной продукции |f И. В. Кащук | |
| 203 | |a Текст |c электронный | ||
| 215 | |a 1 файл (77 Кб) | ||
| 225 | 1 | |a Экономика | |
| 300 | |a Заглавие с титульного листа | ||
| 300 | |a Электронная версия печатной публикации | ||
| 320 | |a [Библиогр.: с. 56 (11 назв.)] | ||
| 330 | |a Изучен вопрос разработки отраслевой стратегии отдельного региона на основе кластеризации отраслевых рынков. Выполнен комплексный анализ для разработки отраслевой стратегии. Рассмотрена кластерная организация производства. Выделена роль маркетинговой концепции конкурентоспособного качества производственной продукции в создании отраслевого кластера. Предложена система оценочных показателей качества сырья, материалов и готовых изделий как основа создания отраслевого кластера региона. Сделан вывод о возможности формирования отраслевых кластеров на основе создания комплексных моделей оценки качества сырья и производственной продукции. | ||
| 337 | |a Adobe Reader | ||
| 461 | 1 | |0 (RuTPU)RU\TPU\book\176237 |t Известия Томского политехнического университета [Известия ТПУ] |f Томский политехнический университет (ТПУ) |d 2000- | |
| 463 | 1 | |0 (RuTPU)RU\TPU\book\211506 |x 1684-8519 |t Т. 317, № 6 : Экономика. Философия, социология и культурология |v [С. 51-56] |d 2010 |p 248 с. | |
| 610 | 1 | |a региональные рынки | |
| 610 | 1 | |a отраслевые рынки | |
| 610 | 1 | |a кластерные концепции | |
| 610 | 1 | |a кластерная организация производства | |
| 610 | 1 | |a отраслевые региональные стратегии | |
| 610 | 1 | |a отраслевые структуры | |
| 610 | 1 | |a модернизация | |
| 610 | 1 | |a Томская область | |
| 610 | 1 | |a качество | |
| 610 | 1 | |a комплексная оценка | |
| 610 | 1 | |a конкурентные стратегии | |
| 610 | 1 | |a конкурентное преимущество | |
| 610 | 1 | |a труды учёных ТПУ | |
| 610 | 1 | |a электронный ресурс | |
| 700 | 1 | |a Кащук |b И. В. |c экономист |c доцент Томского политехнического университета, кандидат технических наук |f 1958- |g Ирина Вадимовна |3 (RuTPU)RU\TPU\pers\25428 |9 11370 | |
| 801 | 1 | |a RU |b 63413507 |c 20090623 |g PSBO | |
| 801 | 2 | |a RU |b 63413507 |c 20211224 |g PSBO | |
| 856 | 4 | |u http://www.lib.tpu.ru/fulltext/v/Bulletin_TPU/2010/v317/i6/11.pdf | |
| 942 | |c CF | ||